00602nam a2200181 a 450000100060000000300080000600500170001400800410003103500420007204000270011404100080014108200180014924501190016726000420028630000230032865000360035170000330038732355BD-RjUL20211209051825.0140426s1947 pk 000 0 eng d a(BD-RjUL)32444a(UkLCURL)o20000194965 aMNUcMNUdBD-RjULbeng aeng a297bBOO 194702aA Book of Quranic laws :ban exhaustive treatise with full Quranic text /ccompiled by Muhammad Valibhai Merchant. aLahore, Pakistan :bM. Ashraf,c1947. avi,232 p ;c24 cm. 0aIslamic vCustoms and practices1 aMerchant, Muhammad Valibhai.